<?xml version="1.0" encoding="UTF-8"?>
<collection xmlns="http://www.loc.gov/MARC21/slim">
 <record>
  <leader>02823cam a2200661   4500</leader>
  <controlfield tag="001">779757246</controlfield>
  <controlfield tag="003">DE-627</controlfield>
  <controlfield tag="005">20220717014350.0</controlfield>
  <controlfield tag="007">tu</controlfield>
  <controlfield tag="008">140304s2013    it |||||      00| ||ita c</controlfield>
  <datafield tag="010" ind1=" " ind2=" ">
   <subfield code="a">  2013471396</subfield>
  </datafield>
  <datafield tag="016" ind1="7" ind2=" ">
   <subfield code="a">221151850</subfield>
   <subfield code="2">DE-101</subfield>
  </datafield>
  <datafield tag="020" ind1=" " ind2=" ">
   <subfield code="a">9788883035302</subfield>
   <subfield code="c"> : 40.00 EUR</subfield>
   <subfield code="9">978-88-8303-530-2</subfield>
  </datafield>
  <datafield tag="035" ind1=" " ind2=" ">
   <subfield code="a">(DE-627)779757246</subfield>
  </datafield>
  <datafield tag="035" ind1=" " ind2=" ">
   <subfield code="a">(DE-576)429372035</subfield>
  </datafield>
  <datafield tag="035" ind1=" " ind2=" ">
   <subfield code="a">(DE-599)GBV779757246</subfield>
  </datafield>
  <datafield tag="035" ind1=" " ind2=" ">
   <subfield code="a">(OCoLC)870967903</subfield>
  </datafield>
  <datafield tag="035" ind1=" " ind2=" ">
   <subfield code="a">(OCoLC)908614788</subfield>
  </datafield>
  <datafield tag="040" ind1=" " ind2=" ">
   <subfield code="a">DE-627</subfield>
   <subfield code="b">ger</subfield>
   <subfield code="c">DE-627</subfield>
   <subfield code="e">rakwb</subfield>
  </datafield>
  <datafield tag="041" ind1=" " ind2=" ">
   <subfield code="a">ita</subfield>
  </datafield>
  <datafield tag="044" ind1=" " ind2=" ">
   <subfield code="c">XA-IT</subfield>
  </datafield>
  <datafield tag="050" ind1=" " ind2="0">
   <subfield code="a">GN36.I8</subfield>
  </datafield>
  <datafield tag="082" ind1="0" ind2=" ">
   <subfield code="a">306</subfield>
   <subfield code="2">21</subfield>
  </datafield>
  <datafield tag="084" ind1=" " ind2=" ">
   <subfield code="a">8,2</subfield>
   <subfield code="2">ssgn</subfield>
  </datafield>
  <datafield tag="084" ind1=" " ind2=" ">
   <subfield code="a">LB 28255</subfield>
   <subfield code="2">rvk</subfield>
   <subfield code="0">(DE-625)rvk/90524:846</subfield>
  </datafield>
  <datafield tag="084" ind1=" " ind2=" ">
   <subfield code="a">73.05</subfield>
   <subfield code="2">bkl</subfield>
  </datafield>
  <datafield tag="100" ind1="1" ind2=" ">
   <subfield code="a">Abbattista, Guido</subfield>
   <subfield code="d">1953-</subfield>
   <subfield code="4">aut</subfield>
  </datafield>
  <datafield tag="245" ind1="1" ind2="0">
   <subfield code="a">Umanità in mostra</subfield>
   <subfield code="b">esposizioni etniche e invenzioni esotiche in Italia (1880 - 1940)</subfield>
   <subfield code="c">Guido Abbattista</subfield>
  </datafield>
  <datafield tag="264" ind1=" " ind2="1">
   <subfield code="a">Trieste</subfield>
   <subfield code="b">Ed. Università di Trieste</subfield>
   <subfield code="c">2013</subfield>
  </datafield>
  <datafield tag="300" ind1=" " ind2=" ">
   <subfield code="a">612 S.</subfield>
   <subfield code="b">Ill., Kt.</subfield>
   <subfield code="c">24 cm</subfield>
  </datafield>
  <datafield tag="336" ind1=" " ind2=" ">
   <subfield code="a">Text</subfield>
   <subfield code="b">txt</subfield>
   <subfield code="2">rdacontent</subfield>
  </datafield>
  <datafield tag="337" ind1=" " ind2=" ">
   <subfield code="a">ohne Hilfsmittel zu benutzen</subfield>
   <subfield code="b">n</subfield>
   <subfield code="2">rdamedia</subfield>
  </datafield>
  <datafield tag="338" ind1=" " ind2=" ">
   <subfield code="a">Band</subfield>
   <subfield code="b">nc</subfield>
   <subfield code="2">rdacarrier</subfield>
  </datafield>
  <datafield tag="490" ind1="1" ind2=" ">
   <subfield code="a">Studi di storia</subfield>
   <subfield code="v">1</subfield>
  </datafield>
  <datafield tag="500" ind1=" " ind2=" ">
   <subfield code="a">Includes bibliographical references</subfield>
  </datafield>
  <datafield tag="500" ind1=" " ind2=" ">
   <subfield code="a">G. Abbattista teaches at the University of Trieste. - Includes bibliographical references</subfield>
  </datafield>
  <datafield tag="650" ind1=" " ind2="0">
   <subfield code="a">Human zoos</subfield>
   <subfield code="z">Italy</subfield>
   <subfield code="x">History</subfield>
   <subfield code="y">18th century</subfield>
  </datafield>
  <datafield tag="650" ind1=" " ind2="0">
   <subfield code="a">Human zoos</subfield>
   <subfield code="z">Italy</subfield>
   <subfield code="x">History</subfield>
   <subfield code="y">19th century</subfield>
  </datafield>
  <datafield tag="689" ind1="0" ind2="0">
   <subfield code="d">g</subfield>
   <subfield code="0">(DE-588)4027833-5</subfield>
   <subfield code="0">(DE-627)106283235</subfield>
   <subfield code="0">(DE-576)208972501</subfield>
   <subfield code="a">Italien</subfield>
   <subfield code="2">gnd</subfield>
  </datafield>
  <datafield tag="689" ind1="0" ind2="1">
   <subfield code="d">s</subfield>
   <subfield code="0">(DE-588)4078931-7</subfield>
   <subfield code="0">(DE-627)104288612</subfield>
   <subfield code="0">(DE-576)209210508</subfield>
   <subfield code="a">Ethnologie</subfield>
   <subfield code="2">gnd</subfield>
  </datafield>
  <datafield tag="689" ind1="0" ind2="2">
   <subfield code="d">s</subfield>
   <subfield code="0">(DE-588)4641693-6</subfield>
   <subfield code="0">(DE-627)331297558</subfield>
   <subfield code="0">(DE-576)214568121</subfield>
   <subfield code="a">Völkerkundliche Ausstellung</subfield>
   <subfield code="2">gnd</subfield>
  </datafield>
  <datafield tag="689" ind1="0" ind2="3">
   <subfield code="d">s</subfield>
   <subfield code="0">(DE-588)4038654-5</subfield>
   <subfield code="0">(DE-627)106231219</subfield>
   <subfield code="0">(DE-576)209031360</subfield>
   <subfield code="a">Menschenwürde</subfield>
   <subfield code="2">gnd</subfield>
  </datafield>
  <datafield tag="689" ind1="0" ind2="4">
   <subfield code="a">z</subfield>
   <subfield code="2">gnd</subfield>
   <subfield code="a">Geschichte 1880-1940</subfield>
  </datafield>
  <datafield tag="689" ind1="0" ind2=" ">
   <subfield code="5">(DE-627)</subfield>
  </datafield>
  <datafield tag="787" ind1="0" ind2="8">
   <subfield code="i">Rezensiert in</subfield>
   <subfield code="a">Regazzoni, Lisa</subfield>
   <subfield code="t">[Rezension von: Guido Abbattista, Umanità in mostra. Esposizioni etniche e invenzioni esotiche in Italia (1880-1940)]</subfield>
   <subfield code="d">2015</subfield>
   <subfield code="w">(DE-627)1796305758</subfield>
  </datafield>
  <datafield tag="830" ind1=" " ind2="0">
   <subfield code="a">Studi di storia</subfield>
   <subfield code="v">1</subfield>
   <subfield code="9">1</subfield>
   <subfield code="w">(DE-627)815221371</subfield>
   <subfield code="w">(DE-576)424668823</subfield>
   <subfield code="w">(DE-600)2805965-7</subfield>
  </datafield>
  <datafield tag="856" ind1="4" ind2="2">
   <subfield code="u">http://www.sehepunkte.de/2015/02/26767.html</subfield>
   <subfield code="m">V:DE-576;X:Sehepunkte</subfield>
   <subfield code="q">text/html</subfield>
   <subfield code="v">20180417100624</subfield>
   <subfield code="3">Rezension</subfield>
  </datafield>
  <datafield tag="935" ind1=" " ind2=" ">
   <subfield code="i">Blocktest</subfield>
  </datafield>
  <datafield tag="936" ind1="r" ind2="v">
   <subfield code="a">LB 28255</subfield>
   <subfield code="b">Italien</subfield>
   <subfield code="k">Forschungsgeschichte</subfield>
   <subfield code="k">Institutionengeschichte</subfield>
   <subfield code="k">Europa</subfield>
   <subfield code="k">Südeuropa (Mittelmeerländer)</subfield>
   <subfield code="k">Italien</subfield>
   <subfield code="0">(DE-627)127456705X</subfield>
   <subfield code="0">(DE-625)rvk/90524:846</subfield>
   <subfield code="0">(DE-576)20456705X</subfield>
  </datafield>
  <datafield tag="936" ind1="b" ind2="k">
   <subfield code="a">73.05</subfield>
   <subfield code="j">Ethnologische Museen</subfield>
   <subfield code="0">(DE-627)106411594</subfield>
  </datafield>
  <datafield tag="951" ind1=" " ind2=" ">
   <subfield code="a">BO</subfield>
  </datafield>
  <datafield tag="990" ind1=" " ind2=" ">
   <subfield code="a">Italien</subfield>
  </datafield>
  <datafield tag="990" ind1=" " ind2=" ">
   <subfield code="a">Ethnologie</subfield>
  </datafield>
  <datafield tag="990" ind1=" " ind2=" ">
   <subfield code="a">Völkerkundliche Ausstellung</subfield>
  </datafield>
  <datafield tag="990" ind1=" " ind2=" ">
   <subfield code="a">Menschenwürde</subfield>
  </datafield>
  <datafield tag="990" ind1=" " ind2=" ">
   <subfield code="a">Geschichte 1880-1940</subfield>
  </datafield>
  <datafield tag="991" ind1=" " ind2=" ">
   <subfield code="a">Rezensiertes Werk</subfield>
  </datafield>
  <datafield tag="999" ind1=" " ind2=" ">
   <subfield code="a">KXP-PPN779757246</subfield>
   <subfield code="e">4183005132</subfield>
  </datafield>
 </record>
</collection>
